Statistics for Movie Accidents

Click here to take the quiz!

General Stats

  • This quiz has been taken 61 times
  • The average score is 12 of 20

Answer Stats

QuestionAnswer% Correct
Kate Winslet suffered pneumonia from filming the water scenes after she refused to wear a wetsuit under her dress.Titanic
96%
While filming in Barbados, Daniel Craig knocked out two of his front teeth. The damage was so severe that Craig's dentist had to be flown in from London to fix caps into his mouth.Casino Royale
86%
While filming a driving scene in Mexico, Uma Thurman sustained a concussion and injured her knees when she lost control of the car and crashed into a palm tree.Kill Bill: Vol. 2
82%
Brandon Lee was accidentally shot and killed with a .44 magnum gun that was intended to fire blanks but contained a bullet left behind after a dummy round had been inserted and removed.The Crow
80%
Brad Pitt tore his left Achilles tendon during production.Troy
75%
While filming, Tom Hanks cut his leg. Two weeks later, the swelling on his leg persisted, and Hanks was confined to a hospital for three weeks to treat an infection that could have killed him from blood poisoning.Cast Away
71%
Demanding a sense of realism, Sylvester Stallone and Dolph Lundgren agreed to legitimately spar with each other. Stallone was airlifted from Canada to California, and placed on intensive care for eight days after Lundgren delivered a hard punch to his chest, causing his heart to swell and his blood pressure to exceed 200.Rocky IV
70%
During a fight scene, Michelle Yeoh tore an ACL on her knee after a bad landing and had to be flown all the way from China to Maryland for surgery.Crouching Tiger, Hidden Dragon
68%
While filming the water-chamber escape scene, Isla Fisher nearly drowned when her shackles got stuck in the chamber for less than three minutes.Now You See Me
68%
While filming, a prop-gun fired by Alec Baldwin killed the cinematographer and injured the director.Rust
63%
Production was stalled for two weeks because Al Pacino accidentally burned his hand by holding a barrel of a gun that had been fired.Scarface
54%
A truck driven by Jason Statham lost its brakes and fell into the Black Sea. Statham was able to swim out of the accident unharmed.The Expendables 3
52%
During a tense argument scene, Leonardo DiCaprio smashed his hand on a table, inadvertently slicing his hand on a crystal cordial glass.Django Unchained
48%
Two children and actor Vic Morrow were killed by a helicopter during production when it was caught in the pyrotechnics flying low at 25 feet.Twilight Zone: The Movie
48%
Bruce Willis lost two-thirds of his hearing after firing a gun loaded with extra-loud blanks from underneath a table.Die Hard
41%
During a torture scene where he was tied to a chair, George Clooney suffered head and spinal injuries and memory loss when he hit his head on the floor after the torturer knocked his chair over.Syriana
38%
Jodie Foster was mauled by a lion on the set. The event has since caused Foster to suffer from ailurophobia.Napoleon and Samantha
36%
Harrison Ford fractured a bone in his leg while filming at Pinewood Studios after a hydraulic door fell on him, and was taken to a hospital to receive treatment.Star Wars: The Force Awakens
36%
Joseph Gordon-Levitt lost control of his bicycle and collided with the back of a taxicab before flying towards its rear windscreen.Premium Rush
32%
Bob Hoskins was stabbed four times, electrocuted, and was nearly drowned. During one scene, Hoskins broke a finger when the door of a van slammed on his hand.Super Mario Bros.
14%

Score Distribution

Percentile by Number Answered

Percent of People with Each Score

Your Score History

You have not taken this quiz